Κατάλογος Βιβλιοθηκών Mediterranean College

Στοιχεία Εμπορικού Δικαίου / Γενικό μέρος, Βιομηχανική Ιδιοκτησία και Ανταγωνισμός, Εμπορικές Εταιρίες, Αξιόγραφα, Πτωχευτικό Δίκαιο (Record no. 2164)

MARC details
000 -LEADER
fixed length control field 02395cam a22002054a 4500
005 - ΗΜΕΡΟΜΗΝΙΑ ΚΑΙ ΩΡΑ ΤΕΛΕΥΤΑΙΑΣ ΕΝΗΜΕΡΩΣΗΣ
Πεδίο ελέγχου 20250605164032.0
008 - FIXED-LENGTH DATA ELEMENTS--GENERAL INFORMATION
Πεδίο ελέγχου σταθερού μήκους 250528s ||||||||||||||||||||||||d
035 ## - SYSTEM CONTROL NUMBER
System control number 16689
020 ## - ISBN
ISBN 9608165121
040 ## - ΠΗΓΗ ΚΑΤΑΛΟΓΟΓΡΑΦΗΣΗΣ
Φορέας πρωτότυπης καταλογογράφησης MC Athens Campus Library
Γλώσσα καταλογογράφησης Ελληνικά, Μοντέρνα (1453-)
Modifying agency MC Athens Campus Library
Κανόνες περιγραφικής καταλογογράφησης AACR2
245 1# - ΤΙΤΛΟΣ ΚΑΙ ΔΗΛΩΣΗ ΥΠΕΥΘΥΝΟΤΗΤΑΣ
Τίτλος Στοιχεία Εμπορικού Δικαίου / Γενικό μέρος, Βιομηχανική Ιδιοκτησία και Ανταγωνισμός, Εμπορικές Εταιρίες, Αξιόγραφα, Πτωχευτικό Δίκαιο
250 ## - EDITION STATEMENT
Edition statement
260 ## - PUBLICATION, DISTRIBUTION, ETC.
Name of publisher, distributor, etc. Σύγχρονη Εκδοτική,
Date of publication, distribution, etc. 2000
300 ## - PHYSICAL DESCRIPTION
Extent 464
520 ## - SUMMARY, ETC.
Summary, etc. Γενικό Μέρος Εμπορικού Δικαίου, Αντικείμενο και Ιστορία του Εμπορικού Δίκαιου, Οι Εμπορικές Πράξεις, Οι Έμποροι, Επαγγελματικές Υποχρεώσεις των Εμπόρων, Βιομηχανική Ιδιοκτησία και Ανταγωνισμός, Επιχείρηση και Βιομηχανική Ιδιοκτησία, Εμπορική Επωνυμία, Σήμα, Ευρεσιτεχνία, Δίκαιο Ανταγωνισμού, Δίκαιο Εμπορικών Εταιριών, Εμπορικές Εταιρίες, Πρωσικές Εμπορικές Εταιρίες Κανόνες που Εφαρμόζονται σ'όλες τις Προσωπικές Εταιρίες, Οι Επί Μέρους Προσωπικές Εμπορικές Εταιρίες, Η Ανώνυμη Εταιρία, Εταιρία περιορισμένης Ευθύνης (Ε.Π.Ε.), Μονοπρόσωπη Εταιρία Περιορισμένης Ευθύνης, Ναυτική Εταιρία, Συνεταιριστικές Επιχειρήσεις, Νέες Εταιρικές Μορφές, Δίκαι Αξιογράφων, Τα Αξιόγραφα, Συναλλαγματική, Γραμμάτιο σε Διαταγή, Επιταγή, Πτωχευτικό Δίκαιο, Πτώχευση και Ατομική Αναγκαστική Εκτέλεση, Η Κήρυξη της Πτώχευσης, Αποτέλεσμα της Πτώχευσης, Οι Εργασίες της Πτώχευσης - Παύση των Εργασιών, Περάτωση της Πτώχευσης.
700 1# - ΠΡΟΣΘΕΤΗ ΑΝΑΓΡΑΦΗ--ΦΥΣΙΚΟ ΠΡΟΣΩΠΟ
Personal name Σερελέα Γαρυφάλλια
9 (RLIN) 2777
942 ## - ADDED ENTRY ELEMENTS (KOHA)
Koha item type Books
Holdings
Τύπος τεκμηρίου Βιβλιοθήκη Τρέχουσα τοποθεσία Barcode Αριθμός εισαγωγής Ημερομηνία απόκτησης Ταξιθετικό σύμβολο Αριθμός αντιτύπου Κατάσταση απόσυρσης Κατάσταση χαμένου Κατάσταση κατεστραμμένου Μη δανεισμός Σύνολο δανεισμών Ημερομηνία τελευταίας εμφάνισης Η τιμή ισχύει από
Books MC Athens Campus Library MC Athens Campus Library 9780000021632 4895 05/06/2025 346.07 SER 1           05/06/2025 05/06/2025

MC Athens Campus Library
Πατησίων 94 & Κοδριγκτώνος 13, 104 34
Πελλήνης 8 & Πατησίων 107, 112 51
Τ: +30 210 8899600

MC Thessaloniki Campus Library
Ίωνος Δραγούμη 21, 54625 | Ίωνος Δραγούμη 15, 54625
Τ: +30 2310 287779 – Τ: +30 2314 440300